Control of Vibrio fischeri bioluminescence : genetic analysis of the LuxR protein and the mechanism of transcriptional autoregulation of the LuxR gene /

Bibliographic Details
Main Author: Shadel, Gerald S., 1963-
Other Authors: Manson, Michael D. (degree committee member.), Mullet, John E. (degree committee member.), Young, Ryland (degree committee member.)
Format: Thesis Book
Language:English
Published: 1991.
Subjects:
Online Access:Link to OAKTrust copy

MARC

Tag First Indicator Second Indicator Subfields
LEADER 00000ctm a2200000Ia 4500
001 in00001122021
005 20200904152603.0
008 930218s1991 xx a bm 000 0 eng d
035 |a (OCoLC)ocm27463374 
035 |9 AFV8301AM 
040 |a TXA  |b eng  |c TXA  |d OCLCQ  |d OCLCO  |d OCLCQ  |d TXA 
035 |a (OCoLC)27463374 
049 |a TXAM 
099 |a 1991  |a Dissertation  |a S5245 
100 1 |a Shadel, Gerald S.,  |d 1963- 
245 1 0 |a Control of Vibrio fischeri bioluminescence :  |b genetic analysis of the LuxR protein and the mechanism of transcriptional autoregulation of the LuxR gene / 
264 1 |c 1991. 
300 |a xiv, 173 leaves :  |b illustrations ;  |c 29 cm 
336 |a text  |b txt  |2 rdacontent 
337 |a unmediated  |b n  |2 rdamedia 
338 |a volume  |b nc  |2 rdacarrier 
500 |a Typescript (photocopy). 
502 |b Ph. D.  |c Texas A & M University  |d 1991 
500 |a Vita. 
504 |a Includes bibliographical references. 
500 |a "Major subject: Biochemistry." 
520 3 |a Expression of bioluminescence in Vibrio fischeri is primarily controlled through two transcriptional autoregulatory circuits, one positive and one negative, which together comprise a cell-density-dependent expression mechanism called autoinduction. Both of these circuits are mediated by the regulatory protein LuxR and a co-activator molecule called autoinducer. The lux regulon consists of two divergently transcribed operons, designated operon[R] (rightward) and operon[L] (leftward), separated by a common regulatory region. The LuxR protein is encoded by the single known gene in operon[L], luxR. Operon[R] consists of seven genes (luxICDABEG) which encode the enzymes required for light production (luxCDABE) and autoinducer synthesis (luxl). In the presence of autoinducer, LuxR binds the lux operator and activates transcription of operon[R]. Since luxl is in operon[R], autoinducer stimulates an increase in its own synthesis and initiates a positive feedback circuit. Transcription of operon[L] (luxR) is negatively regulated by LuxR and autoinducer and activated by the cAMP-CAP global regulatory system. The results presented in this thesis provide a more detailed description of the regulatory components and interactions involved in autoinduction. A genetic selection, based on regulated cell lysis, was designed which allowed the isolation of lux regulatory mutants. Using this selection, mutations in luxR were recovered which allowed an autoinducer-binding region of the LuxR protein to be defined. By DNase I footprinting in vitro, the CAP-binding site was located in the lux control region and the LexA protein was shown to bind the lux operator. Transcription of operonL was found to be inhibited at high levels of LuxR and autoinducer and stimulated at low levels of LuxR and autoinducer. Therefore, luxR exhibits both positive and negative autoregulation. Positive autoregulation required the lux operator and occurred by a CAP-independent mechanism. Negative autoregulation required the lux operator and a lux operator-like sequence located >2 kb upstream of the control region in the luxD gene. A revised model describing lux regulation is proposed to incorporate these new regulatory features. 
650 0 |a Vibrio fischeri  |x Genetics. 
650 0 |a Bioluminescence. 
650 0 |a Genetic transcription  |x Regulation. 
650 4 |a Major biochemistry. 
655 7 |a Academic theses  |2 lcgft 
700 1 |a Baldwin, Thomas O.,  |e degree supervisor. 
700 1 |a Manson, Michael D.,  |e degree committee member. 
700 1 |a Mullet, John E.,  |e degree committee member. 
700 1 |a Young, Ryland,  |e degree committee member. 
710 2 |a Texas A & M University,  |e degree granting institution. 
856 4 1 |x http://hdl.handle.net/1969.1/DISSERTATIONS-1284278  |z Link to OAKTrust copy  |t 0 
856 4 1 |u http://proxy.library.tamu.edu/login?url=http://proquest.umi.com/pqdweb?did=746243991&sid=1&Fmt=2&clientId=2945&RQT=309&VName=PQD  |z Link to OAKTrust copy  |t 0 
994 |a C0  |b TXA 
999 f f |s ec50094f-5c3d-3596-8dbf-38fafbc64077  |i a375dea2-e0b5-3681-bfa2-521cdb1eddae  |t 0 
952 f f |p noncirc  |a Texas A&M University  |b J.J. Pickle Campus  |c High Density Repository  |s HDR  |d Remote Storage  |t 0  |e 1991 Dissertation S5245  |h Other scheme  |i unmediated -- volume  |m A14841025781 
952 f f |a Texas A&M University  |b College Station  |c Electronic Resources  |s www_evans  |d Available Online  |t 0  |e 1991 Dissertation S5245  |h Other scheme 
998 f f |a 1991 Dissertation S5245  |t 0  |l Available Online 
998 f f |a 1991 Dissertation S5245  |t 0  |l Remote Storage